000 01599cam a2200145 4500500
005 20260329023301.0
041 _afre
042 _adc
100 1 0 _aLefèvre, Christian
_eauthor
700 1 0 _aPinson, Gilles
_eauthor
245 0 0 _aPouvoirs urbains : Ville, politique et globalisation
260 _bArmand Colin,
_c2020.
520 _ahttps://youtu.be/VIoLfkklOEY Plus de la moitié des habitants de la planète vit désormais dans les villes.L’urbain est devenu le cadre dominant des pratiques et des relations sociales, mais aussi l’écosystème où s’épanouit le capitalisme globalisé. La ville s’est ainsi imposée comme une échelle clé pour comprendre et agir sur les enjeux économiques, sociaux et environnementaux de notre temps. Les acteurs urbains, qu’ils soient élus, bureaucrates, acteurs économiques, professionnels de la ville ou chercheurs, s’efforcent de donner sens aux transformations qui travaillent les villes et d’y répondre à coup d’innovations politiques, économiques et sociales.Espace d’innovation, l’urbain est aussi devenu objet de controverses tout à la fois scientifiques et politiques. Cet ouvrage dresse un bilan critique de ces débats en s’attardant sur cinq controverses : l’urbanisation généralisée, les rapports entre milieux urbains et capitalisme, les relations entre les villes et les États, la distribution du pouvoir dans la ville et la démocratie urbaine, la gouvernance des espaces métropolitains.
856 4 1 _uhttps://shs.cairn.info/pouvoirs-urbains--9782200624880?lang=fr&redirect-ssocas=7080
999 _c1926056
_d1926056